000 00519nam a2200145 i 4500
001 45017
003 ES-MaACL
005 20230906161133.0
007 t|
008 030324s1933 mx ||||1| spa d
245 0 0 _aCódices indígenas de algunos pueblos del marquesado del Valle de Oxaca publicdos por el Archivo General de la Nación para el primer Congreso Mexicano de Historia.
260 _aMéxico :
_b[s.n.],
_c1933 (
_fTalleres Gráficos de la Nación)
300 _a82 p. ;
_c35 cm.
852 _aES-MaACL
_jA-3232
999 _c45017
_d45017